00446nam a2200121Ia 4500008004100000082001400041100001000055245006800065260004900133365000600182630006800188730006800256100415s9999 xx 000 0 und d b6284a500 aP.N.I aProceeding Of The Nation Inst. Of Sciences Of India "B" Vol. 26 aNew Dehilc1960bNational Inst. Of Sciences b0 aProceeding Of The Nation Inst. Of Sciences Of India "B" Vol. 26 aProceeding Of The Nation Inst. Of Sciences Of India "B" Vol. 26